zpět

Detail výsledku týmu

Bartolomějka, Kolín

Datum a čas kvízu

15 Celkem bodů Celkový počet nahraných bodů na tomto kvízu bez doplňovacích otázek.
13. Pořadí na kvízu Konečné umístění týmu na tomto kvízu.

Zaznamenané odpovědi

# Otázka Odpověď Body Výsledky
1. V ostravské zoologické zahradě... 1
2. Jak se nazývá stát, který minu... 1
3. Videoklipem roku se na předává... 0
4. Mezinárodnímu týmu vědců, mezi... 0
5. Tým FC Sevilla byl ve čtvrtečn... 0
6. Téma o Krtečkovi jste si vybra... 1
7. Jak se správně zapisuje jméno... 0
8. Příběhy o Krtkovi vznikaly pod... 0
9. V jedné z epizod najde Krtek z... 1
10. Kromě první, již zmíněné epizo... 0